000 00439nam a22001457a 4500
005 20250424153046.0
008 250424b |||||||| |||| 00| 0 eng d
020 _a9788177582604
050 _aHC 462
_b.7CHA
100 _aCHARANTIMATH, POORNIMA M
245 _aENTREPREUERSHIP DEVELOPEMENT
_bSMALL BUSINESS ENTERPRISES
_cPOORNIMA M. CHARANTIMATH
260 _aDELHI
_bDORLING KINDERSLEY
_cc2006
300 _axv;, 523p.;
942 _2lcc
_cBK
_n0
999 _c5530
_d5530